Online
Catalog

Matemática y ciencias naturales 4º: (Record no. 56624)

MARC details
000 -CABECERA
campo de control de longitud fija 01708nam a2200325 i 4500
003 - IDENTIFICADOR DEL NÚMERO DE CONTROL
campo de control DO-SdBNP
005 - FECHA Y HORA DE LA ÚLTIMA TRANSACCIÓN
campo de control 20240510083723.0
006 - CÓDIGOS DE INFORMACIÓN DE LONGITUD FIJA--CARACTERÍSTICAS DEL MATERIAL ADICIONAL
campo de control de longitud fija a||||br|||| 00| 0
007 - CAMPO FIJO DE DESCRIPCIÓN FÍSICA--INFORMACIÓN GENERAL
campo de control de longitud fija ta
008 - DATOS DE LONGITUD FIJA--INFORMACIÓN GENERAL
campo de control de longitud fija 240509t1994 dr aad|| |||| 00| 0 spa d
040 ## - FUENTE DE LA CATALOGACIÓN
Centro catalogador/agencia de origen DO-SdBNP
Lengua de catalogación spa
Centro/agencia transcriptor BNPHU
Normas de descripción rda
082 #4 - NÚMERO DE LA CLASIFICACIÓN DECIMAL DEWEY
Número de edición 22
Número de documento/Ítem M85m 1994
100 1# - ENTRADA PRINCIPAL--NOMBRE DE PERSONA
Nombre de persona Morillo, Ana Celia,
Término indicativo de función/relación autora
9 (RLIN) 85429
245 10 - MENCIÓN DE TÍTULO
Título Matemática y ciencias naturales 4º:
Resto del título libro de texto /
Mención de responsabilidad, etc. Ana Celia Morillo, Manuel Valdez, Ana Mercedes Henríquez
246 ## - FORMA VARIANTE DE TÍTULO
Título propio/Titulo breve Matemática y ciencias naturales cuatro:
Resto del título libro de texto.
264 #4 - PRODUCCIÓN, PUBLICACIÓN, DISTRIBUCIÓN, FABRICACIÓN Y COPYRIGHT
Producción, publicación, distribución, fabricación y copyright [Santo Domingo] :
Nombre del de productor, editor, distribuidor, fabricante Programa de Mejoramiento de la Educación Básica,
Fecha de producción, publicación, distribución, fabricación o copyright ©1994
300 ## - DESCRIPCIÓN FÍSICA
Extensión 156 páginas :
Otras características físicas ilustraciones, gráficas ;
Dimensiones 26 cm.
336 ## - TIPO DE CONTENIDO
Fuente rdacontent
Término de tipo de contenido texto
Código de tipo de contenido txt
337 ## - TIPO DE MEDIO
Fuente rdamedia
Nombre/término del tipo de medio sin mediación
Código del tipo de medio n
338 ## - TIPO DE SOPORTE
Fuente rdacarrier
Nombre/término del tipo de soporte volumen
Código del tipo de soporte nc
501 ## - NOTA DE "CON"
Nota de “Con” Con: Matemática, páginas 1 - 82 / Ana Celia Morillo.<br/>Con: Ciencias Naturales, páginas [83] - 156 / Manuel Valdez y Ana Mercedes Henríquez.
505 ## - NOTA DE CONTENIDO CON FORMATO
Nota de contenido con formato Matemática /
Mención de responsabilidad Ana Celia Morillo.
505 ## - NOTA DE CONTENIDO CON FORMATO
Nota de contenido con formato Ciencias Naturales /
Mención de responsabilidad Manuel Valdez, Ana Mercedes Henríquez.
Información miscelánea Unidad 1:
Título Los Recursos Naturales y la Comunidad.--
Información miscelánea Unidad 2:
Título El Suelo: Recursos naturales de Usos Múltiples.--
Información miscelánea Unidad 4:
Título Como se Nutren las Plantas y los Animale.--
Información miscelánea Unidad 5:
Título Propiedades de la Materia.--
Información miscelánea Unidad 6:
Título Cambios que Experimenta la Materia en la Naturaleza.
590 ## - NOTA LOCAL (RLIN)
Nota local Inventariado 2024 / MF
650 #4 - PUNTO DE ACCESO ADICIONAL DE MATERIA--TÉRMINO DE MATERIA
Término de materia o nombre geográfico como elemento de entrada Ciencias Naturales
Subdivisión de forma Libro de texto
9 (RLIN) 84058
650 #4 - PUNTO DE ACCESO ADICIONAL DE MATERIA--TÉRMINO DE MATERIA
Término de materia o nombre geográfico como elemento de entrada Matemáticas
Subdivisión de forma Libros textos
9 (RLIN) 85430
700 1# - PUNTO DE ACCESO ADICIONAL--NOMBRE DE PERSONA
Nombre de persona Valdez, Manuel
9 (RLIN) 46323
Término indicativo de función/relación autor
Título de la obra Ciencias Naturales 4º
700 1# - PUNTO DE ACCESO ADICIONAL--NOMBRE DE PERSONA
Nombre de persona Henríquez, Ana Mercedes
Término indicativo de función/relación autora
Título de la obra Ciencias Naturales 4º
9 (RLIN) 85432
942 ## - ELEMENTOS DE PUNTO DE ACCESO ADICIONAL (KOHA)
Fuente del sistema de clasificación o colocación Dewey Decimal Classification
Tipo de ítem Koha Libro
Holdings
Estado de retiro Estado de pérdida Fuente del sistema de clasificación o colocación Restricciones de uso No para préstamo Código de colección Localización permanente Ubicación/localización actual Ubicación en estantería Fecha de adquisición Total de préstamos Signatura topográfica completa Código de barras Fecha visto por última vez Precio válido a partir de Tipo de ítem Koha Fuente de adquisición Número de copia
    Dewey Decimal Classification Excluido de préstamo   Patrimonio Dominicano Biblioteca Nacional Pedro Henríquez Ureña Biblioteca Nacional Pedro Henríquez Ureña En catalogación 09.05.2024   M85m 1994 2024-2864 09.05.2024 09.05.2024 Libro    
    Dewey Decimal Classification Excluido de préstamo   Patrimonio Dominicano Biblioteca Nacional Pedro Henríquez Ureña Biblioteca Nacional Pedro Henríquez Ureña En catalogación 16.12.2021   M85m 1994 2024-2865 10.05.2024 10.05.2024 Libro Donado por Colegio Nuestra Señora de Lourdes e.2
    Dewey Decimal Classification Préstamo en sala   Patrimonio Dominicano Biblioteca Nacional Pedro Henríquez Ureña Biblioteca Nacional Pedro Henríquez Ureña En catalogación 16.12.2021   M85m 1994 2024-2866 10.05.2024 10.05.2024 Libro Donado por Colegio Nuestra Señora de Lourdes e.3

Powered by Koha